NÁVRH VIRTUÁLNEHO RÝPADLO - NAKLADAČA

Bibliographic Details
Main Author: Pristaš, Peter, 1952- (Author)
Format: Article
Language:Slovak
ISBN:8022715735

MARC

LEADER 00000naa a2200000uu 4500
001 vtls010927376
003 SK-MaSNL
005 20260302125722.0
008 210824|2001 xo |||||||||||||||||slo|
015 |a SNBRA 
035 |a (urnnbn)urn:nbn:sk:snk:ar-a0b0wt 
035 |a (uuid)a1499c4f-5b06-430a-b2d0-668f01ffe00c 
035 |a urn:nbn:sk:snk-aatthw 
040 |a SNKBUCL  |b slo  |c SNKBUCL  |e AACR2 
041 0 |a slo 
044 |a xo  |c SK 
100 1 |a Pristaš, Peter,  |d 1952-  |4 aut  |9 224316 
245 1 0 |a NÁVRH VIRTUÁLNEHO RÝPADLO - NAKLADAČA  |c Peter Pristaš 
773 0 |t Vývojové tendencie v konštrukcii a prevádzke hydraulických strojov a zariadení  |d Bratislava : Slovenská technická univerzita, 2001, 2001  |g S. 99-104  |z 8022715735 
958 |a OND 
958 |a article11 
958 |a chapter 
999 |c 1295172  |d 1297102